[Event "Samara Polugaevsky Memorial 6th"]
[Site "Samara"]
[Date "2016.07.03"]
[Round "1"]
[White "Gagarin, Sergey"]
[Black "Iskusnyh, Sergei"]
[Result "0-1"]
[WhiteElo "2070"]
[BlackElo "2460"]
[PlyCount "50"]
[EventDate "2016.07.03"]
[EventType "swiss"]
[EventRounds "9"]
[EventCountry "RUS"]
[SourceTitle "EXT 2019"]
[Source "ChessBase"]
[SourceDate "2018.10.10"]
[SourceVersion "1"]
[SourceVersionDate "2018.10.10"]
[SourceQuality "1"]

1. e4 c5 2. Nf3 d6 3. d4 cxd4 4. Nxd4 Nf6 5. Nc3 Nc6 6. f3 e5 7. Nb3 Be7 8. Be3 0-0 9. Qd2 a5 10. Bb5 Be6 11. 0-0-0 Na7 12. Qf2 Nxb5 13. Nxb5 a4 14. Nc5 Qc8 15. Nxd6 Qc6 16. Nf5 Bxf5 17. exf5 a3 18. b3 Ra5 19. Nd3 e4 20. Nf4 Bd6 21. Rd4 Bxf4 22. Bxf4 Qc3 23. Rhd1 Rc5 24. Rc4 Rxc4 25. bxc4 Qa1+ 0-1

[Event "Voronezh op-B 19th"]
[Site "Voronezh"]
[Date "2015.06.16"]
[Round "5"]
[White "Zaika, Daniil"]
[Black "Gagarin, Sergey"]
[Result "1-0"]
[WhiteElo "1860"]
[BlackElo "2014"]
[PlyCount "103"]
[EventDate "2015.06.12"]
[EventType "swiss"]
[EventRounds "9"]
[EventCountry "RUS"]
[SourceTitle "CBM 167 Extra"]
[Source "ChessBase"]
[SourceDate "2015.09.14"]
[SourceVersion "1"]
[SourceVersionDate "2015.09.14"]
[SourceQuality "1"]

1. e4 c5 2. Nf3 d6 3. d4 cxd4 4. Nxd4 Nf6 5. Nc3 a6 6. Bg5 e6 7. f4 Be7 8. Qf3 Qc7 9. 0-0-0 Nbd7 10. g4 h6 11. Bxf6 Bxf6 12. h4 Qb6 13. Nb3 Be7 14. Kb1 Nc5 15. e5 dxe5 16. Nxc5 Qxc5 17. Ne4 Qc7 18. fxe5 Qxe5 19. Bg2 Bd7 20. Rxd7 Kxd7 21. Nf6+ Bxf6 22. Qxb7+ Ke8 23. Qxa8+ Ke7 24. Qb7+ Kf8 25. c3 g6 26. Rf1 Kg7 27. Qxa6 Rd8 28. Qc6 Rd2 29. Qf3 Rd7 30. Qf4 Rd1+ 31. Kc2 Qe2+ 32. Kb3 Qb5+ 33. Qb4 Qe2 34. Rxd1 Qxd1+ 35. Ka3 Qd7 36. Kb3 Qd1+ 37. Ka3 Qd7 38. Qe4 Be7+ 39. b4 Qc7 40. Kb3 Bf6 41. Qf3 Bxh4 42. a4 f5 43. a5 fxg4 44. Qxg4 Bf6 45. Qc4 Qg3 46. Be4 Qe1 47. a6 Qd1+ 48. Bc2 Qa1 49. Qc7+ Kf8 50. a7 Bxc3 51. Qxc3 Qxa7 52. Qh8+ 1-0

[Event "Voronezh op-B 19th"]
[Site "Voronezh"]
[Date "2015.06.13"]
[Round "2"]
[White "Gagarin, Sergey"]
[Black "Sychev, Victor"]
[Result "1-0"]
[WhiteElo "2014"]
[BlackElo "1764"]
[PlyCount "49"]
[EventDate "2015.06.12"]
[EventType "swiss"]
[EventRounds "9"]
[EventCountry "RUS"]
[SourceTitle "CBM 167 Extra"]
[Source "ChessBase"]
[SourceDate "2015.09.14"]
[SourceVersion "1"]
[SourceVersionDate "2015.09.14"]
[SourceQuality "1"]

1. e4 e5 2. Nf3 Nc6 3. Bb5 Bc5 4. 0-0 Nge7 5. c3 a6 6. Ba4 0-0 7. d4 exd4 8. cxd4 Bb6 9. Nc3 d6 10. h3 Kh8 11. Ng5 f6 12. Nxh7 Rf7 13. Bb3 d5 14. Nxd5 Nxd4 15. Nxb6 Bxh3 16. Bxf7 Bxg2 17. Kxg2 g6 18. Nxa8 Kxh7 19. Be3 c5 20. Bxd4 cxd4 21. Qg4 Kg7 22. Be6 Qxa8 23. Rh1 b5 24. Qh4 f5 25. Qxe7# 1-0